书目信息 |
| 题名: |
建筑结构 上
|
|
| 作者: | 郭继武 , 郭瑶 编著 | |
| 分册: | 上册 | |
| 出版信息: | 北京 清华大学出版社 2003.10 |
|
| 页数: | 350页 | |
| 开本: | 20cm | |
| 丛书名: | ||
| 单 册: | ||
| 中图分类: | TU3 | |
| 科图分类: | ||
| 主题词: | 建筑结构 | |
| 电子资源: | ||
| ISBN: | 7-302-06929-8 | |
| 000 | 00582nam0 2200205 45 | |
| 001 | 0433615145 | |
| 005 | 2004042909201451 | |
| 010 | @a7-302-06929-8@dCNY 15.80 | |
| 100 | @a20040429d2003 km y0chiy0120 ea | |
| 101 | 0 | @achi |
| 102 | @aCN@b110000 | |
| 200 | 1 | @a建筑结构 上@AJian Zhu Jie Gou Shang@f郭继武,郭瑶编著@FGuo Ji Wu,Guo Yao Bian Zhu@h上册 |
| 210 | @a北京@c清华大学出版社@d2003.10 | |
| 215 | @a350页@d20cm | |
| 606 | 0 | @a建筑结构 |
| 690 | @aTU3@v3 | |
| 701 | 0 | @a郭继武@AGuo Ji Wu@4编著 |
| 701 | 0 | @a郭瑶@AGuo Yao@4编著 |
| 801 | 0 | @aCN@bPFT@c20040429 |
| 905 | @dTU3@eG807:1 | |
| 建筑结构 上/郭继武,郭瑶编著.上册.-北京:清华大学出版社,2003.10 |
| 350页;20cm |
| ISBN 7-302-06929-8:CNY 15.80 |
| ● |
| 相关链接 |
|
|
|
正题名:建筑结构 上
索取号:TU3/G807:1
 
预约/预借
| 序号 | 登录号 | 条形码 | 馆藏地/架位号 | 状态 | 备注 |
| 1 | 382328 | 203823283 | 建筑库101/101建筑库 73排3列4层/ [索取号:TU3/G807:1] | 在馆 | |
| 2 | 382329 | 203823292 | 建筑库101/101建筑库 73排3列4层/ [索取号:TU3/G807:1] | 在馆 | |
| 3 | 382330 | 203823309 | 建筑库101/101建筑库 73排3列4层/ [索取号:TU3/G807:1] | 在馆 |